000
00296nam a22001217a 4500
003
OSt
008
241219b |||||||| |||| 00| 0 eng d
041
_a
eng
082
_a
624.18341 RAO/CA
100
_a
Rao, KL
_9
6517
245
_a
Calculation Design and Testing of Reinforced Concrete
942
_c
BK
999
_c
18695
_d
18695